Loading...
| Literature - European | 1 | 5 | 0 | 0 | 65 | 71 | 103.50 | 0 | 1 | 11.89 | 26.67 |
| Literature - British | 0 | 5 | 0 | 1 | 50 | 103 | 121.80 | 0 | 1 | 5.30 | 16.94 |
| Fine Arts - Other Arts | 0 | 4 | 1 | 0 | 35 | 98 | 112.00 | 0 | 1 | 5.05 | 13.45 |
| Literature - World | 0 | 3 | 1 | 0 | 25 | 92 | 102.00 | 0 | 0 | 6.38 | 7.76 |
| History - American | 1 | 0 | 0 | 0 | 15 | 53 | 53.00 | 0 | 1 | 4.19 | 5.84 |
| Fine Arts - Classical Music and Opera | 0 | 1 | 0 | 0 | 10 | 82 | 82.00 | 0 | 1 | 2.80 | 5.84 |
| Literature - American | 0 | 1 | 0 | 1 | 10 | 128 | 128.00 | 0 | 0 | 1.32 | 3.25 |
| Philosophy | 0 | 1 | 0 | 1 | 10 | 141 | 141.00 | 0 | 0 | 0.05 | 0.71 |
| Visual Arts | 0 | 1 | 1 | 0 | 5 | 119 | 119.00 | 0 | 0 | 1.32 | 2.86 |